|
|
|
|
| LEADER |
01738nem a2200397 a 4500 |
| 001 |
001233881 |
| 003 |
CZ BrMZK |
| 005 |
20130326132231.0 |
| 007 |
aj|canzn |
| 008 |
111208s1924 xr a 0| cze d |
| 034 |
1 |
|
|a a
|b 360000
|d E0164932
|e E0243832
|f N0493833
|g N0474301
|
| 040 |
|
|
|a BOA001
|b cze
|
| 043 |
|
|
|a e-xo---
|a e-un---
|2 czenas
|
| 072 |
|
7 |
|a 913(437)
|x Geografie Česka a Slovenska, reálie, cestování
|2 Konspekt
|9 7
|
| 072 |
|
7 |
|a 912
|x Mapy. Atlasy. Glóby
|2 Konspekt
|9 7
|
| 080 |
|
|
|a (437.6)
|2 MRF
|
| 080 |
|
|
|a (437.7)
|2 MRF
|
| 080 |
|
|
|a (084.3)32
|2 MRF
|
| 245 |
0 |
0 |
|a Podrobný přehled politického rozdělení Slovenska a Podkarp. Rusi
|h [kartografický dokument]
|
| 255 |
|
|
|a Měřítko 1:360 000
|c (016°49´32" v.d.--024°38´32" v.d./049°38´33" s.š.--047°43´01" s.š.)
|
| 260 |
|
|
|a [Praha] :
|b Vojenský zeměpisný ústav,
|c 1924
|
| 300 |
|
|
|a 1 mapa na 2 listech :
|b barev. ;
|c 59 x 162 cm
|
| 500 |
|
|
|a Další údaje o vydání: 21. I. 1924
|
| 505 |
2 |
0 |
|t Bratislava.
|g Měřítko 1:30 000 --
|t Okolí Dunajské Stredy.
|g Měřítko 1:200 000
|
| 590 |
|
|
|a Chybí pravý dolní roh západní části mapy
|5 CZ-BrMZK
|
| 562 |
|
|
|a Razítko: Důvěrné
|5 CZ-BrMZK
|
| 655 |
|
7 |
|a politické a správní mapy
|7 fd133032
|2 czenas
|
| 610 |
1 |
7 |
|a Dunajská Streda (Slovensko : oblast)
|7 xx0117432
|2 czenas
|
| 651 |
|
7 |
|a Bratislava (Slovensko)
|7 ge128816
|2 czenas
|
| 651 |
|
7 |
|a Podkarpatská Rus
|7 ge128545
|2 czenas
|
| 651 |
|
7 |
|a Slovensko
|7 ge128580
|2 czenas
|
| 710 |
2 |
|
|a Vojenský zeměpisný ústav (1945-1951)
|7 ko2005263855
|4 pbl
|
| 856 |
4 |
1 |
|u http://www.digitalniknihovna.cz/mzk/uuid/uuid:7298ca38-cc10-40f7-8157-4a350c1d5d78
|y Digitalizovaný dokument
|
| 910 |
|
|
|a BOA001
|b Mpa-0076.806
|
| 990 |
|
|
|a MP
|
| 991 |
|
|
|b 201207
|